000 00911nam a2200241 i 4500
001 21127
003 ES-MaACL
005 20240823063039.0
007 t|
008 021121s1968 sp ||||1| spa d
100 1 _aAchucarro, Nicolás,
_d1880-1918
_918270
245 1 0 _aNicolás Achucarro (1880-1918)
_b: su vida y su obra /
_cNicolás Achucarro ; textos de Santiago Ramón y Cajal, Gregorio Marañon, José Ortega y Gasset.
260 _a[Madrid :
_bTaurus,
_c1968]
300 _a138 p., 8 lám. :
_bretr. ;
_c19 cm.
490 1 _aCuadernos Taurus ;
_v79
600 1 4 _aAchucarro, Nicolás,
_d1880-1918
_918270
700 1 _aRamón y Cajal, Santiago,
_d1852-1934
_9226468
700 1 _aMarañón, Gregorio,
_d1887-1960
_976311
700 1 _aOrtega y Gasset, José,
_d1883-1955
_987503
830 1 _aCuadernos Taurus ;
_v79
_9180748
852 _aES-MaACL
_jC-51449
999 _c21127
_d21127